• 首页
  • 本馆介绍
  • 公告通知
  • 最新文献
  • 馆藏检索
  • 电子资源
  • 读者导购
  • 参考咨询
  • 我的图书馆
  • 登录
  • 详细信息显示
  • 放入我的书架
  • 预约/预借图书
  • 作者相关作品
  • 分类相关作品
  • 丛书相关作品
  • 出版社相关作品

书目信息

  • 表格格式
  • 工作单格式
  • 卡片格式
书名: Crime in society
作者: [edited by] Leonard D. Savitz, Norman Johnston.
分册号:
分册名:
出版地: New York :
 
出版社: Wiley
出版时间: c1978.
页数: xii, 963 p. :
开本: 24 cm.
丛书名:
中图分类号:
科图分类号:
其他分类号: C913.5
主题词:
电子资源:
000 00847cam 2200289 i 4500
001 E0732793306
005 20070208090711.00
008 780119s1978 nyua b 00000 eng
010    @a78000806
020    @a0471033855.
040    @aDLC@cDLC@dWSU
043    @an-us---
050 00 @aHV6789@b.C695
082 00 @a364/.973
090    @aF797/W89
090    @aC913.5
099    @dC913.5@ex3
245 00 @aCrime in society / @c[edited by] Leonard D. Savitz, Norman Johnston.
260    @aNew York :@bWiley,@cc1978.
300    @axii, 963 p. :@bill. ;@c24 cm.
504    @aIncludes bibliographies.
650  0 @aCrime@zUnited States.
650  0 @aCriminal behavior, Prediction of.
650  0 @aCriminal psychology.
700 1  @aSavitz, Leonard D.
700 1  @aJohnston, Norman Bruce,@d1921-
920    @a232010@z2
    
    Crime in society / / [edited by] Leonard D. Savitz, Norman Johnston.-New York : : Wiley, , c1978.
    xii, 963 p. : : ill. ; ; 24 cm.
    Includes bibliographies.
    
    ISBN 0471033855.
    
●
相关链接 在E读中查询图书 在五车中查询图书 在当当中查询图书 在豆瓣中查询图书


正题名:Crime in society     索取号:C913.5/x3         预约/预借

序号 登录号 条形码 馆藏地/架位号 状态 备注
1 182251   001169309   第二样本阅览室/ [索取号:C913.5/x3] 在馆    
2 182252   001169336   第四借阅区/ [索取号:C913.5/x3] 在馆    
唐山师范学院图书馆 欢迎您!
大连网信软件有限公司© 版权所有